Statistics for World Map without Lakes

Click here to take the quiz!

General Stats

  • This quiz has been taken 407 times
  • The average score is 5 of 10

Answers on the Map

Answers color-coded by a green-red scale on the quiz's map according to % correct below.
Loading ...
 

Answer Stats

ANSWER% Correct
Great Lakes
98%
Great African Lakes
93%
Baikal
73%
Great Bear Lake
51%
Great Slave Lake
49%
Aral
49%
Winnipeg
28%
Nicaragua
28%
Balkhash
14%
ex-Zuiderzee
3%

Score Distribution

Percentile by Number Answered

Percent of People with Each Score

Your Score History

You have not taken this quiz